000 00607cam a22002053a 4500
001 33714
003 PGUSA
005 20140828083729.0
008 100912s2010||||xxu|||||s|||||000 | eng d
040 _aPGUSA
_beng
042 _adc
100 1 _aOxley, J. Macdonald
_q(James Macdonald),
_d1855-1907
245 1 4 _aThe Wreckers of Sable Island
_h[electronic resource] /
_cJ. Macdonald Oxley
260 _bProject Gutenberg,
_c2010
506 _aPublic domain in the USA.
516 _aElectronic text
830 0 _aProject Gutenberg
_v33714
856 4 0 _uhttp://www.gutenberg.org/ebooks/33714
942 _cEB
999 _c262969
_d262969